LEADER 00896nam a2200241 i 4500 001 000000161140 003 CaOOAMICUS 005 20070522000000.0 008 070522s1966 it u000 u ita u 013 $a138503 040 $aSeMil$bita 100 1 $aPossenti, Eligio.$0(OLS)http://semarc/name/42493 245 10$aFederico Motta /$cEligio Possenti. 260 $a[S.l. :$bs.n.],$c1966$e(Milano :$fMotta ,$g1966) 300 $a25 p., [1] ritr. ;$c22 cm. 500 $aIn custodia. - Fondo Card. Giovanni Colombo. 650 4$aMotta, Federico .$0(OLS)http://semarc/subject/17502 850 $aSeMil 852 $aSeMil$W1$xVenegono$y1$m3M III 161$j112573$B112573$CSeMilBibl$Z2$F124885 $81 941 1 $a3 961 $aLascito: Colombo Card. Giovanni 996 $6245$aFederico Motta$9(OLS)http://semarc/title/144069 996 $6260$a[S.l. :$bs.n.]$9(OLS)http://semarc/publisher/29751 LEADER 00902nam a2200217 i 4500 001 000000067568 003 CaOOAMICUS 005 20100527000000.0 008 100527s1954 fr u000 u fre u 013 $a38740 040 $aSeMil$bita 100 1 $aLobet, Marcel.$0(OLS)http://semarc/name/33808 245 13$aLa science du bien et du mal :$bessai sur la connaissance littéraire /$cMarcel Lobet. 260 $aParis :$bLa Nef de Paris,$c1954. 300 $a161 p. ;$c19 cm. 650 4$aLetteratura e arte.$0(OLS)http://semarc/subject/7142 650 4$aEstetica.$0(OLS)http://semarc/subject/618 850 $aSeMil 852 $aSeMil$W1$xVenegono$y1$m2O I 151$j33721$B33721$CSeMilBibl$Z2$F33724 $81 996 $6245$aLa science du bien et du mal :$bessai sur la connaissance littéraire$9(OLS)http://semarc/title/107659 996 $6260$aParis :$bLa Nef de Paris$9(OLS)http://semarc/publisher/42758